La sociología y la teoría moderna de los sistemas /
Guardado en:
| Autor Principal: | |
|---|---|
| Otros Autores: | |
| Formato: | Libro |
| Publicado: |
Buenos Aires :
Amorrortu,
1973
|
| Materias: | |
| Etiquetas: |
Agregar Etiqueta
Sin Etiquetas, Sea el primero en etiquetar este registro!
|
| LEADER | 00562nam a22001695a 4500 | ||
|---|---|---|---|
| 001 | EHU.bham001044 | ||
| 008 | 130507s1973##################000#0#####d | ||
| 005 | 20230915124220.0 | ||
| 245 | 1 | 0 | |a La sociología y la teoría moderna de los sistemas / |c Walter Buckley ; trad. por Aníbal Leal. |
| 260 | |a Buenos Aires : |b Amorrortu, |c 1973 | ||
| 300 | |a 321 p. | ||
| 100 | 1 | |a Buckley, Walter | |
| 700 | 1 | |a Leal, Aníbal, trad. | |
| 082 | 3 | 0 | |a 301.1 B856 |
| 653 | |a Sociología | ||
| 653 | |a Sistemas-teoría de los | ||
| 859 | |a AR-BHAM |b BIB. HUMANIDADES - General |h 301.1 |i B856 |p 550.88 |t Ej.1 | ||
